000
00326nam a2200145Ia 4500
005
20251222153615.0
008
251222s9999||||xx |||||||||||||| ||spa||
020
_a
8470800396
082
_a
616/V49
100
_a
Dr. Verger, Guillem
245
0
_a
La Gripe
250
_a
1ra. ed.
264
_b
La Gaya Ciencia
942
_c
LIB
999
_c
31748
_d
31748